=LDR 00000nam 2200000 4500 =001 INLIS000000000037335 =005 20200220101643 =035 ##$$a 0010-061300000037335 =008 200220################g##########0#ind## =041 ##$$a Ind =082 ##$$a 153.8 =090 ##$$a 153.8, Sto U =100 ##$$a Stovall,Jim =245 1#$$a The Ultimate Life : $b Rahasia kehidupan impian /$c stovall, jim; Penerjemah, Gunardi handoko =260 ##$$a Jakarta :$b Gramedia,$c 2010 =300 ##$$a vii, 244 hlm. ; $c 13, 5 x 20 cm =650 #4$$a Motivasi =850 ##$$a NBPNMAT =020 ##$$a 978-979-22-5525-6 =084 ##$$a 153.8 STO t =990 ##$$a 21103780/ Pb - 2011 =990 ##$$a 21103781